000 01542nam0a2200313 4500
001 RU\NLR\bibl\813298
005 20260406001558.0
010 _a5-7487-0904-X
_9100
021 _aRU
_b2005-15063
_9762
035 _a(NLR Aleph) 000802348
090 _a1189243
_c1189243
100 _a20050627d2005 |||y0rusy50 ca
101 0 _arus
102 _aRU
105 _aa |||||||||
200 1 _aИмидж аптечной организации. Формирование и продвижение
_eмонография
_fТ.И. Урусова, И.Г. Хмелевская
_gГос. образоват. учреждение высш. проф. образования "Кур. гос. мед. ун-т М-ва здравоохранения РФ", Каф. упр. и экономики фармации
210 _aКурск
_cИзд-во Курского государственного медицинского университета
_d2005
215 _a75 с.
_cил.
_d21
320 _aБиблиогр.: с. 74-75 (29 назв.)
606 1 _aАптеки
_xОрганизация работы
_9997494
_3RU\NLR\auth\6659963
686 _aР11(2)26л72
700 1 _aУрусова
_bТ. И.
_gТатьяна Ивановна
_4070
701 1 _4070
_7ca
_8rus
_aХмелевская
_bИ. Г.
_cканд. фармац. наук
_gИрина Геннадьевна
_994057
_3RU\NLR\auth\77111132
801 0 _aRU
_bNLR
_c20050627
_grcr
801 1 _aRU
_bNLR
_c20050627
830 _aАвт. по эк
942 _cBOOK
980 _aNB